000 00350nam a22001217a 4500
999 _c2538
_d2538
005 20200916160655.0
008 200916b ||||| |||| 00| 0 eng d
020 _a0333252713
040 _cCML
245 _aPeople and Customs.
_cClark, P.M.
260 _aHong Kong
_bMacmillan Publishers Ltd
_c1979
942 _2ddc
_cBK
_h030
_kREF
_mLOO